| 000 | 00483nam a2200193Ia 4500 | ||
|---|---|---|---|
| 008 | 170918s9999 xx 000 0 und d | ||
| 020 | _a439148677 | ||
| 050 | _bD321 1994 | ||
| 100 | _aDegross, Monalisa | ||
| 245 | _aDonavan's word jar / | ||
| 245 | _cMonalisa Degross ; illustrations by Cheryl Hanna. | ||
| 260 | _aNew York : | ||
| 260 | _bScholastic, | ||
| 260 | _c1994 | ||
| 300 | _a71 pages : | ||
| 300 | _bcolored illustration ; | ||
| 300 | _c19cm. | ||
| 500 | _a670 | ||
| 999 |
_c341824 _d341824 |
||